Čas kráča, problémy zostávajú problémy tatranského cestovného ruchu pred 75 rokmi

Bibliographic Details
Main Author: Argalács, Mikuláš, 1942- (Author)
Format: Article
Language:Slovak
Subjects:
Online Access:www.vysoketatry.sk

MARC

LEADER 00000nab a2200000 ar4500
001 vtls008989639
003 SK-MaSNL
005 20260304023952.0
008 070516c2006 xo er|p|||||||000 b|slo
015 |a SNBRB2006 
038 |a PPPK 
040 |a PPPKCL  |b slo  |c PPPKCL  |e AACR2 
041 0 |a slo 
044 |a xo  |c SK 
080 |a 338.48  |x (437.67)  |x (091)  |2 1997 
100 1 |a Argalács, Mikuláš,  |d 1942-  |4 aut  |9 102749 
245 1 0 |a Čas kráča, problémy zostávajú  |b problémy tatranského cestovného ruchu pred 75 rokmi  |c Mikuláš Argalács 
500 |a V rubrike Čriepky z histórie 
600 1 7 |a Guhr, Michal,  |d 1873-1933  |2 pppkcl  |9 160905 
610 2 7 |a Národohospodársky sbor podtatranský  |2 pppkcl  |9 190124 
648 7 |a 1931  |2 pppkcl  |9 287983 
650 0 7 |a cestovný ruch  |2 pppkcl  |9 999 
651 7 |a Vysoké Tatry (Poľsko a Slovensko : pohorie)  |2 pppkcl  |9 67729 
773 0 |t Tatranský dvojtýždenník  |g Roč. XVII, č. 11 (2006), s. 5 
852 |a PPPK  |b KIS3GCP 
856 |u www.vysoketatry.sk 
999 |c 2619313  |d 2621243